Winnie The Pooh : Tiger_Ific Tales! :

Bibliographic Details
Format: Book
Language:English
Published: Kuala Lumpur : Berjaya HVN Sdn. Bhd. , 2004
Subjects:

MARC

LEADER 00000cam a2200000 7i4500
001 0000085632
005 20110520.0
008 100526 eng
020 |a 5303243800 
090 0 0 |a 791.433 WIN 
245 1 0 |a Winnie The Pooh :   |b Tiger_Ific Tales! :   |b Friendship 
260 |a Kuala Lumpur :   |b Berjaya HVN Sdn. Bhd. ,   |c 2004 
300 |a 1 disc (44 mins 06 secs) : video digital disc (VCD) ; 4 3/4 in. 
650 0 0 |a Animated films 
999 |a 0000113855   |b Video CD   |c Rujukan Kanak-Kanak   |e Perbadanan Perpustakaan Awam Melaka 
999 |a 0000113856   |b Video CD   |c Rujukan Kanak-Kanak   |e Perbadanan Perpustakaan Awam Melaka